MARC

LEADER 00000nam0a2200000 4500
001 136586
005 20231101220629.0
035 |a (RuTPU)RU\TPU\book\148032 
090 |a 136586 
100 |a 20080424d1936 m y0rusy50 ca 
101 0 |a rus 
102 |a RU 
105 |a c a 001zb 
200 1 |a Александр Петрович Карпинский  |e указатель основных трудов  |f Академия наук СССР (АН СССР) ; Библиотека Академии наук СССР (БАН) ; авт. вступительной ст. А. А. Борисяк ; сост. В. А. Фейдер и К. И. Шафрановский 
210 |a Ленинград  |a Москва  |c Изд-во Академии наук СССР  |d 1936 
215 |a 33 с.  |c портр.  |d 22,3 см. 
320 |a Хронологический указатель: с. 13-28 
320 |a Алфавитный указатель: с. 29-33. 
600 1 |a Карпинский  |b А. П.  |c российский ученый  |c геолог  |f 1846/1847-1936  |g Александр Петрович  |c академик АН СССР  |2 stltpush  |3 (RuTPU)RU\TPU\pers\13364 
610 1 |a геология 
610 1 |a библиография 
610 1 |a указатели 
610 1 |a персоналии 
610 1 |a библиографические указатели 
675 |a 55(092)(01)  |v 3 
702 1 |a Борисяк  |b А. А.  |c российский геолог  |c палеонтолог  |c академик АН СССР  |f 1872-1944  |g Алексей Алексеевич  |2 stltpush  |3 (RuTPU)RU\TPU\pers\13840  |4 080  |9 4352 
702 1 |a Фейдер  |b В. А.  |4 220 
702 1 |a Шафрановский  |b К. И.  |4 220 
712 0 2 |a Академия наук СССР (АН СССР)  |b Библиотека (БАН)  |c (Ленинград)  |2 stltpush  |3 (RuTPU)RU\TPU\col\343 
801 2 |a RU  |b 63413507  |c 20141127  |g PSBO 
942 |c BK